| 000 | 00398nam a2200145 4500 | ||
|---|---|---|---|
| 999 |
_c9495 _d9495 |
||
| 003 | OSt | ||
| 005 | 20210629123703.0 | ||
| 008 | 210629b ||||| |||| 00| 0 eng d | ||
| 020 | _a9781624650307 | ||
| 082 |
_a742 _bMAT |
||
| 100 | _a Mateu-Mestre, Marcos | ||
| 245 | _aFramed perspective : Vol. 1,. Technical perspective and visual storytelling | ||
| 260 |
_bDesign studio press _c2016 |
||
| 942 | _2ddc | ||